Andy Weir Bibliography - Statistics

General Stats
  • This quiz has been taken 8 times
  • The average score is 3 of 30
Answer Stats
Type Year Name % Correct
Novel 2021 Project Hail Mary
100%
Novel 2012 The Martian
86%
Novel 2017 Artemis
71%
Short Story 2009 The Egg
29%
Comic Series 2006-2008 Cheshire Crossing
14%
Short Story 2010 Access
0%
Essay 2014 An Essay from Andy Weir: How Science Made Me a Writer
0%
Short Story 2011 Annie's Day
0%
Short Story 2014 Antihypoxiant
0%
Short Story 2013 Bored World
0%
Comic Series 2001-2008 Casey and Andy
0%
Novel 1986 Detectives
0%
Short Story 2015 Diary of an AssCan
0%
Short Story Collection 2017 James Moriarty, Consulting Criminal
0%
Short Story 2016 Lacero
0%
Short Story 2010 Meeting Sarah
0%
Short Story Collection 2016 Principles of Uncertainty
0%
Short Story 2019 Randomize
0%
Short Story 2015 Superluminal
0%
Short Story 2014 The Adventure of the Dishonor Among Thieves
0%
Short Story 2013 The Adventure of the Sealed Room
0%
Short Story 2013 The Adventure of the Unscrupulous Assassin
0%
Short Story 2010 The Chef
0%
Essay 2017 The Economics of Artemis
0%
Short Story Collection 2017 The Egg and Other Stories
0%
Novel 2000 Theft of Pride
0%
Short Story 2014 The Midtown Butcher
0%
Short Story 2012 The Real Deal
0%
Short Story 2015 Twarrior
0%
Short Story 2016 Yuri Gagarin Saves the Galaxy
0%
No matching quizzes found
Score Distribution
Percent of People with Each Score
Percentile by Number Answered
Your Score History
You have not taken this quiz